00574 2200217 4500001002100000005001700021008004100038035002600079245001700105100001700122250000700139260006700146300002300213020002200236082000800258084001000266650002600276990001800302990001800320990001800338INLIS00000000000178620191229221721.0191229| ||| | ind  a 0010-12190000000178600cLaura Howell0 aLaura Howell a12 aErlangga for Kids : JakartabErlangga for Kids : Jakartac2009 a95 hlm. ;c95 hlm. a978-979-033-168-60 a500 a551,6 0aIklim dan Cuaca 551.6 aB201506222991 aB201506233077 aB201506233078